Galería de americanos ilustres /

Guardado en:
Detalles Bibliográficos
Autor principal: Palacio, Gonzalo de (autor)
Formato: Libro
Idioma:Español
Publicado: México : Diana, 1973, c1973
Etiquetas: Agrega una etiqueta
Sin etiquetas, Sé el primero en etiquetar este registro!

MARC

LEADER 00000nam^a2200000^a^4500
001 000595512
005 20250521000000.0
009 20260310133047.99
037 |a Acervo ITESO - Biblioteca 
041 |a ESP 
091 |a FCR. 02000 
100 |a Palacio, Gonzalo de  |e (autor) 
245 1 0 |a Galería de americanos ilustres / 
264 4 |a México :  |b Diana,  |c 1973, c1973 
300 |a 315 p. 
336 |a texto  |b txt  |2 rdacontenido 
337 |a sin mediación  |b n  |2 rdamedio 
338 |a volumen  |b nc  |2 rdasoporte 
649 |a XX 
910 |a Fondo Cristina Romo Gil 
920 |a Impresos - Libros 
930 |a Fondos Especiales 
905 |a 143 
901 |a 595512-10  |b IT2  |c ESP  |i D123716  |u 20250521 
902 |a https://opac.biblio.iteso.mx/vufind/Record/000595512